ბათუმის შოთა რუსთაველის სახელმწიფო უნივერსიტეტის ბიბლიოთეკა

საავტომობილო ტრანსპორტის ექსპლუატაცია წიგნი I. : (ბიბ.ჩანაწერი № 40081)

000 -ლიდერი
ფიქსირებული სიგრძის საკონტროლო ველი 00938nam a2200217Ia 4500
001 - საკონტროლო ნომერი
საკონტროლო ველი 6687
003 - საკონტროლო ნომრის იდენტიფიკატორი
საკონტროლო ველი GE_BSU
005 - ბოლო ოპერაციის თარიღი და დრო
საკონტროლო ველი 20190513184536.0
008 - ფიქსირებული სიგრძის მონაცემთა ელემენტები - ზოგადი ინფორმაცია
ფიქსირებული სიგრძის საკონტროლო ველი 181216s1963||||ge |||||||||||||| ||geo||
040 ## - კატალოგიზაციის წყარო
Transcribing agency GE_BSU
041 ## - ენის კოდი
Language code of text/sound track or separate title geo
080 ## - უნივერსალური ათობითი კლასიფიკაციის ინდექსი
Universal Decimal Classification number 656.1 მ-46
100 ## - მთავარი ჩანაწერი - პიროვნების სახელი
Personal name მეძმარიაშვილი, გ.
9 (RLIN) 1079
245 ## - ცნობა სათაურის შესახებ
Title საავტომობილო ტრანსპორტის ექსპლუატაცია წიგნი I. :
Remainder of title სახელმძღვ. /
Statement of responsibility, etc გ. მეძმარიაშვილი ; რედ. გ. რაზმაძე.
264 ## - წარმოების, გამოცემის, დისტრიბუციის და სხვა ცნობები
გამოცემის, წარმოების, დისტრიბუციის... ადგილი თბილისი :
გამოცემის, წარმოების, დისტრიბუციის... სახელწოდება ცოდნა,
გამოცემის, წარმოების, დისტრიბუციის... თარიღი 1963.
300 ## - ფიზიკური აღწერა
Extent 256 გვ. :
Other physical details ილ.;
Dimensions 22 სმ.
504 ## - BIBLIOGRAPHY, ETC. NOTE
Bibliography, etc ბიბლიოგრ. : გვ.254.
653 ## - INDEX TERM--UNCONTROLLED
Uncontrolled term საავტომობილო ტრანსპორტი
700 ## - ADDED ENTRY--PERSONAL NAME
Personal name რაზმაძე, გ.
Relator term რედაქტორი
9 (RLIN) 1080
942 ## - ADDED ENTRY ELEMENTS (KOHA)
Koha item type წიგნი
Source of classification or shelving scheme
ეგზემპლარები
ჩამოწერის სტატუსი დაკარგული ეგზემპლარის სტატუსი კლასიფიკაციის წყარო ან თაროზე გაწყობის სქემა დაზიანების სტატუსი არ გაიცემა მუდმივი მდებარეობა (დაცვის ადგილი) ამჟამინდელი ადგილსამყოფელი თაროზე განთავსების ადგილი შეძენის თარიღი ღირებულება, შესყიდვის ნორმალური ფასი სრული შენახვის შიფრი შტრიხკოდი ბოლო ოპერაციის თარიღი ეგზემპლარის მიმდევრობითი ნომერი (კეტერი?) ფასის ძალაში შესვლის თარიღი ეგზემპლარის სახეობა საჯარო შენიშვნა
          ტექნოლოგიური ფაკულტეტის ბიბლიოთეკა ტექნოლოგიური ფაკულტეტის ბიბლიოთეკა წიგნსაცავი 2018-12-17 1.26 656.1 მ-46 11825 2018-12-17 11825 2018-12-17 წიგნი 1.26 ლ.
          ტექნოლოგიური ფაკულტეტის ბიბლიოთეკა ტექნოლოგიური ფაკულტეტის ბიბლიოთეკა წიგნსაცავი 2018-12-17 1.26 656.1 მ-46 11826 2018-12-17 11826 2018-12-17 წიგნი 1.26 ლ.
          ტექნოლოგიური ფაკულტეტის ბიბლიოთეკა ტექნოლოგიური ფაკულტეტის ბიბლიოთეკა წიგნსაცავი 2018-12-17 1.26 656.1 მ-46 11827 2018-12-17 11827 2018-12-17 წიგნი 1.26 ლ.